000 00804nam a2200217 a 4500
999 _c9247
_d9247
001 9247
003 BD-JhCC
005 20180312112003.0
008 180312s1964 bg |||| ||a| 000 0 ben d
035 _a(BD-JhCC)9247
040 _aBD-JhCC
_dBD-JhCC
041 _aben
082 _a491.435
_bHOS 1964
100 _aহোসেন, আবুল কাসেম মোহাম্মদ .
245 _aনুতুন উর্দূ ব্যাকরণ ও রচনা /
_cআলহাজ্জ আবুল কাসেম মোহাম্মদ হোসেন।
260 _aঢাকা :
_bইসলামিয়া প্রিন্টিং ওয়ার্কস;
_c1964.
300 _a208 p. :
_c18 cm.
650 _aUrdu Languge.
_xGrammar.
942 _2ddc
_cBK